Zatočte s fluktuací ve vaší firmě

Aké sú príčiny fluktuácie zamestnancov. Diagnóza a liečenie.

Enregistré dans:
Détails bibliographiques
Auteur principal: Tejnorová, Jitka
Format: Chapitre de livre
Langue:tchèque
Sujets:
Tags: Ajouter un tag
Pas de tags, Soyez le premier à ajouter un tag!

MARC

LEADER 00000naa a2200000 4500
001 0181925
005 20231113134809.4
041 0 |a cze 
044 |a CZ 
245 1 0 |a Zatočte s fluktuací ve vaší firmě  |c Jitka Tejnorová 
520 |a Aké sú príčiny fluktuácie zamestnancov. Diagnóza a liečenie. 
610 2 0 |a firmy 
610 2 0 |a zamestnanci 
610 2 0 |a fluktuácia 
100 1 |a Tejnorová, Jitka